000 01194nam a22003495a 4500
003 EG-ScBUE
005 20220524102725.0
008 110505r20102006enka f 000 0 eng d
020 _a9780194715775
020 _a0194715775
040 _aEG-ScBUE
_beng
_erda
_cEG-ScBUE
_dEG-ScBUE
082 0 4 _a428.24
_bSOA
_222
100 1 _aSoars, Liz,
_d1945-
_eauthor.
_934639
245 1 0 _aNew headway plus,
_pIntermediate,
_pWorkbook without key /
_cLiz and John Soars.
246 3 0 _aIntermediate
246 3 0 _aWorkbook without key
250 _aReprinted edition.
264 1 _aOxford :
_bOxford University Press,
_c2010.
300 _a88 pages :
_billustrations ;
_c30 cm
336 _2rdacontent
_atext
_btxt
337 _2rdamedia
_aunmediated
_bn
338 _2rdacarrier
_avolume
_bnc
521 _aFor intermediate learners.
590 _aMohamed Hussein
650 7 _aEnglish language
_vTextbooks for foreign speakers.
_2BUEsh
_923630
650 7 _aEnglish language
_xStudy and teaching
_xForeign speakers.
_2BUEsh
651 _2BUEsh
653 _bHHUUEENN
_cAugust2015
_cJanuary2019
655 _vReading book
_934232
700 1 _aSoars, John,
_d1951-
_eauthor.
_92160
942 _2ddc
_cBB
999 _c5120
_d5120